Alfabetización inicial : diferentes perspectivas (Record no. 62113)

MARC details
000 -CABECERA
campo de control de longitud fija 00629nam a2200229 a 4500
005 - FECHA Y HORA DE LA ÚLTIMA TRANSACCIÓN
campo de control 20210219152844.0
008 - ELEMENTOS DE LONGITUD FIJA--INFORMACIÓN GENERAL
campo de control de longitud fija 991125n 000 0 spa u
035 ## - NÚMERO DE CONTROL DEL SISTEMA
Número de control de sistema UPN01000063461
100 ## - ASIENTO PRINCIPAL--NOMBRE PERSONAL
Nombre de persona AZZERBON, Delia R.
222 ## - TÍTULO CLAVE
Título clave EDUCACION EN LOS PRIMEROS AÑOS
245 ## - MENCIÓN DE TÍTULO
Título Alfabetización inicial : diferentes perspectivas
260 ## - PUBLICACIÓN, DISTRIBUCIÓN, ETC.
Lugar de publicación, distribución, etc. Buenos Aires, Argentina
300 ## - DESCRIPCIÓN FÍSICA
Extensión 24-53
362 ## - FECHAS DE PUBLICACIÓN Y/O DESIGNACIÓN SECUENCIAL
Fecha de publicación y/o designación secuencial 1998 Año 1, no. 1 (jun.)
653 0# - TERMINO DE INDIZACION - NO CONTROLADO
Término no controlado ALFABETIZACION INICIAL
653 0# - TERMINO DE INDIZACION - NO CONTROLADO
Término no controlado EDUCACION INICIAL
653 0# - TERMINO DE INDIZACION - NO CONTROLADO
Término no controlado ESCRITURA
653 0# - TERMINO DE INDIZACION - NO CONTROLADO
Término no controlado LECTURA
653 0# - TERMINO DE INDIZACION - NO CONTROLADO
Término no controlado LENGUAJE ESCRITO
904 ## - ELEMENTOS DE DATOS D LOCAL, LDD (RLIN)
a AC
b 001272
905 ## - TIPO DE MATERIAL
Tipo de material Articulo

No items available.